000 00601cam a2200145 4500500
005 20260208002353.0
041 _afre
042 _adc
100 1 0 _aKaplanian, Patrick
_eauthor
245 0 0 _aIna Rösing, Trance, Besessenheit und Amnesie Bei den Schamanen der Changpa-Nomaden im ladakhischen Changthang, Gnas (Autriche), Weishaupt Verlag, 2003, 270 p., bibl., index, ill., cartes
260 _c2005.
500 _a13
786 0 _nL'Homme | 175-176 | 3 | 2005-07-01 | p. 475x-572x | 0439-4216
856 4 1 _uhttps://shs.cairn.info/revue-l-homme-2005-3-page-475x?lang=fr&redirect-ssocas=7080
999 _c1645993
_d1645993